Ksetrayya: The making of a Telugu poet (Record no. 512565)

000 -LEADER
fixed length control field 01748nam a2200157 4500
008 - FIXED-LENGTH DATA ELEMENTS--GENERAL INFORMATION
fixed length control field 191129b ||||| |||| 00| 0 eng d
100 ## - MAIN ENTRY--PERSONAL NAME
Personal name Kamath, Harshita Mruthinti
245 ## - TITLE STATEMENT
Title Ksetrayya: The making of a Telugu poet
260 ## - PUBLICATION, DISTRIBUTION, ETC. (IMPRINT)
Name of publisher, distributor, etc Indian Economic and Social History Review
300 ## - PHYSICAL DESCRIPTION
Extent 56(3), Jul-Sep, 2019: p.253-282.
520 ## - SUMMARY, ETC.
Summary, etc Kṣētrayya is the attributed author of Telugu padams (short lyrical poems) dedicated to Muvva Gōpāla, a form of the Hindu deity Kṛṣṇa. Kṣētrayya is commonly described as a peripatetic poet from the village of Muvva in Telugu-speaking South India who wandered south to the Nāyaka courts of Tanjavur in the seventeenth century. Contrary to popular and scholarly assumptions about this poet, this article argues that Kṣētrayya was not a historical figure, but rather, a literary persona constructed into a Telugu bhakti poet-saint through the course of three centuries of literary reform. A close reading of selected padams attributed to Kṣētrayya reveals the uniquely tangible world of female sexuality painted by the speakers of these poems. However, these padams became sanitized through the course of colonial and post-colonial anti-nautch and Telugu literary reform. In line with this transformation, the hagiography of the poet Kṣētrayya was carefully molded to fit a prefabricated typology of a Telugu bhakti poet-saint. Countering the longstanding narrative of solo male authorship, the article raises the possibility that these padams were composed by multiple authors, including vēśyas (courtesans). - Reproduced.
650 ## - SUBJECT ADDED ENTRY--TOPICAL TERM
Topical term or geographic name as entry element Poetry - India - Telugu
9 (RLIN) 14049
773 ## - HOST ITEM ENTRY
Main entry heading Indian Economic and Social History Review
906 ## - LOCAL DATA ELEMENT F, LDF (RLIN)
Subject DIP Cultural history
942 ## - ADDED ENTRY ELEMENTS (KOHA)
Source of classification or shelving scheme
Item type Articles
Holdings
Withdrawn status Lost status Source of classification or shelving scheme Damaged status Not for loan Permanent location Current location Date acquired Serial Enumeration / chronology Barcode Date last seen Koha item type
          Indian Institute of Public Administration Indian Institute of Public Administration 2019-11-29 56(3), Jul-Sep, 2019: p.253-282. AR121916 2019-11-29 Articles

Powered by Koha